Circles Of Learning: Cooperation in the Classroom (Record no. 24890)
[ view plain ]
| 000 -LEADER | |
|---|---|
| fixed length control field | 00689nam a22002297a 4500 |
| 003 - CONTROL NUMBER IDENTIFIER | |
| control field | OSt |
| 005 - DATE AND TIME OF LATEST TRANSACTION | |
| control field | 20260619113900.0 |
| 008 - FIXED-LENGTH DATA ELEMENTS--GENERAL INFORMATION | |
| fixed length control field | 260619b |||||||| |||| 00| 0 eng d |
| 020 ## - INTERNATIONAL STANDARD BOOK NUMBER | |
| International Standard Book Number | 0871201232 |
| 040 ## - CATALOGING SOURCE | |
| Transcribing agency | Chuka University Library |
| 050 ## - LIBRARY OF CONGRESS CALL NUMBER | |
| Classification number | LB 1032 .C57 1984 |
| 100 ## - MAIN ENTRY--PERSONAL NAME | |
| Personal name | Johnson David W. |
| 9 (RLIN) | 30464 |
| 245 ## - TITLE STATEMENT | |
| Title | Circles Of Learning: Cooperation in the Classroom |
| 260 ## - PUBLICATION, DISTRIBUTION, ETC. | |
| Place of publication, distribution, etc. | United States |
| Name of publisher, distributor, etc. | ASCD |
| Date of publication, distribution, etc. | 1984 |
| 300 ## - PHYSICAL DESCRIPTION | |
| Extent | vii89pp |
| Other physical details | Illustrations |
| 650 ## - SUBJECT ADDED ENTRY--TOPICAL TERM | |
| Topical term or geographic name entry element | Group work in education |
| 9 (RLIN) | 27771 |
| 650 ## - SUBJECT ADDED ENTRY--TOPICAL TERM | |
| Topical term or geographic name entry element | Cooperativeness in children |
| 9 (RLIN) | 30465 |
| 700 ## - ADDED ENTRY--PERSONAL NAME | |
| Personal name | Johnson Roger T. |
| 9 (RLIN) | 30466 |
| 700 ## - ADDED ENTRY--PERSONAL NAME | |
| Personal name | Holubec Edythe Johnson |
| 9 (RLIN) | 30467 |
| 700 ## - ADDED ENTRY--PERSONAL NAME | |
| Personal name | Roy Patricia |
| 9 (RLIN) | 30468 |
| 942 ## - ADDED ENTRY ELEMENTS (KOHA) | |
| Source of classification or shelving scheme | Library of Congress Classification |
| Koha item type | Long Loan Books |
| Suppress in OPAC | No |
| Withdrawn status | Lost status | Source of classification or shelving scheme | Damaged status | Not for loan | Collection | Home library | Current library | Shelving location | Date acquired | Source of acquisition | Cost, normal purchase price | Total Checkouts | Full call number | Barcode | Date last seen | Price effective from | Koha item type |
|---|---|---|---|---|---|---|---|---|---|---|---|---|---|---|---|---|---|
| Library of Congress Classification | General Collection Books | Main Campus Library | Main Campus Library | General Stacks | 19/06/2026 | Donations From Books For Africa | 424.15 | LB 1032 .C57 1984 | 35515/2026 | 19/06/2026 | 19/06/2026 | Long Loan Books |
